000
00295nam a22001337a 4500
008
170519b xxu||||| |||| 00| 0 eng d
020
_a
9780130929075
041
_a
eng
080
_a
94(6)
100
_a
16
101
_a
shh
245
_a
AFRICA IN WORLD HISTORY
_c
GILBERT, E
942
_2
udc
_c
BK
999
_c
13497
_d
13497